| 000 | 01093nam a22003017a 4500 | ||
|---|---|---|---|
| 001 | BR9000037 | ||
| 003 | BR-BrBNA | ||
| 005 | 20230928093338.0 | ||
| 007 | ta | ||
| 008 | 230509b bl.||||| |||| 00| 0 por d | ||
| 040 |
_aBR-BrBNA _bpor _cBiblioteca Nacional de Agricultura |
||
| 041 | _a(Por) | ||
| 072 |
_aF30; F01 _b0120 |
||
| 090 | _ 0120 BR9000037 | ||
| 100 | 1 | _aPagliarini, M.S. | |
| 110 | 1 |
_aEscola Superior de Agricultura Luiz de Queiroz, Piracicaba, SP (Brasil) _0Tese (Doutorado) |
|
| 245 | 1 | _aAvaliacao da frequencia de quiasmas em milho (Zea mays L.)e suas implicacoes com a capacidade de combinacao para a producao de graos | |
| 246 | 1 | _aChiasma frequency evaluation in maize (Zea mays L.)and implications with combining ability for grain production | |
| 260 | 3 |
_aPiracicaba, SP (Brasil): _c1989. |
|
| 300 | _a190 p. | ||
| 500 | _aSummaries (Eng, Por); 26 tables; 21 illus.; Bibliography p. 141-164 (179 ref.) | ||
| 650 | _aMILHO | ||
| 650 | _aLINHAGEM | ||
| 650 | _aQUIASMA | ||
| 650 | _aPRODUCAO VEGETAL | ||
| 909 |
_a202309 _bLucia _c55 _dLucia Elande |
||
| 942 | _cBK | ||
| 999 |
_c44452 _d44452 |
||